Carta a los líderes soviéticos

Uloženo v:
Podrobná bibliografie
Hlavní autor: Solzhenitsyn, Alexander Isacvich (Autor)
Médium: Kniha
Jazyk:španělština
Vydáno: Santiago Gabriela Mistral 1975
Vydání:1a. ed
Témata:
Tagy: Přidat tag
Žádné tagy, Buďte první, kdo vytvoří štítek k tomuto záznamu!

MARC

LEADER 00000nam a2200000 a 4500
001 UCG1544
003 CL-VaPUC
008 100506e19750400CL |||||||||||||||||spa|d
082 0 4 |a 891.7  |b SOL  |2 21 
100 0 |a Solzhenitsyn, Alexander Isacvich  |e author  |9 342633 
245 1 0 |a Carta a los líderes soviéticos 
250 |a 1a. ed 
300 |a 59 p 
942 |c BK 
945 |d 20100506 00:00:00  |a dcastane 
260 |a Santiago  |b Gabriela Mistral  |c 1975 
650 7 |a LITERATURA SOVIETICA  |2 CL-VaPUC  |9 350019 
583 |a last modification  |c 20100506 00:00:00  |k Rodrigo Vera 
999 |c 340893  |d 340891 
952 |0 0  |1 0  |4 0  |6 891_700000000000000_SOL_1975  |7 0  |8 ?  |9 436032  |a FDOBUD  |b FDOBUD  |d 2019-11-22  |i 4634926  |o 891.7 SOL 1975  |p 4634926  |r 2019-11-22  |w 2019-11-22  |y BK  |k BUD